[Event "CZE-ch Open 2019"]
[Site "Ostrava"]
[Date "2019.04.29"]
[Round "3.33"]
[White "Ockay, Tomas"]
[Black "Pavlicek, Lukas"]
[Result "1-0"]
[WhiteElo "2131"]
[BlackElo "1963"]
[Annotator "TA"]
[PlyCount "49"]
[EventDate "2019.04.27"]
[EventType "swiss"]
[EventCountry "CZE"]
[SourceTitle "playchess.com"]
[Source "ChessBase"]
[SourceQuality "1"]

{[%evp 26,49,52,36,61,40,66,25,31,36,112,111,167,163,238,209,234,175,169,156,152,149,358,368,363,336]} 1. Nf3 g6 2. d4 Nf6 3. g3 Bg7 4. Bg2 O-O 5. c4 d6 6. O-O Nbd7 7. Nc3 e5 8. h3 c6 9. e4 Re8 10. Be3 exd4 11. Nxd4 Nc5 12. Qc2 a5 13. Rfe1 Qe7 14. f3 Ne6 {E69: King's Indian: Fianchetto: 6...Nbd7 7 0-0 e5 8 e4 c6 9 h3} 15. Nde2 Nc7 16. Rad1 d5 {White has an edge.} 17. cxd5 cxd5 (17... Nfxd5 $14 18. Nxd5 Nxd5) 18. Na4 $16 dxe4 (18... Na6 $16 {was called for.}) 19. Bc5 $18 Qe5 (19... Qe6 $142) 20. Bd6 {[%mdl 64] [#] Discovered Attack} Qb5 {Threatens to win with ...exf3.} 21. Nd4 $36 {[%mdl 2048] White is on the roll.} (21. Qxc7 Qxa4 22. Nc3 Qc6 $14) ({Much less strong is} 21. Bxc7 $6 exf3 22. Bxf3 Bxh3) (21. fxe4 Ne6) 21... Qd7 22. Bxc7 Nd5 23. Nb6 ({Weaker is} 23. fxe4 Qxc7 24. Qxc7 Nxc7 $11) 23... Nxb6 $2 {[#]} (23... Qxc7 $16 24. Qxc7 Nxc7) 24. Bxb6 Qd6 25. Qc7 ({Not} 25. Rxe4 Rxe4 26. Qxe4 Bd7 $15) 1-0

[Event "CZE-ch Open 2019"]
[Site "Ostrava"]
[Date "2019.05.01"]
[Round "5.1"]
[White "Kriebel, Tadeas"]
[Black "Navara, David"]
[Result "0-1"]
[WhiteElo "2514"]
[BlackElo "2733"]
[Annotator "TA"]
[PlyCount "90"]
[EventDate "2019.04.27"]
[EventType "swiss"]
[EventCountry "CZE"]
[SourceTitle "playchess.com"]
[Source "ChessBase"]
[SourceQuality "1"]

{[%evp 20,90,0,-6,-2,-11,-6,0,-2,-41,-34,-31,-16,-38,-25,-59,-47,-88,-56,-51,-57,-52,-53,-47,-27,-98,-98,-100,-96,-105,-100,-97,-99,-91,-95,-119,-110,-361,-362,-362,-357,-368,-365,-366,-362,-378,-370,-385,-381,-385,-375,-374,-361,-611,-591,-636,-629,-617,-560,-612,-612,-776,-764,-852,-845,-824,-822,-807,-800,-788,-788,-923,-793]} 1. e4 c5 2. c3 Nf6 3. e5 Nd5 4. Nf3 Nc6 5. Bc4 Nb6 6. Bb3 g6 7. d4 cxd4 8. cxd4 Bg7 9. Bf4 d6 10. exd6 O-O 11. O-O Bg4 {B22: Sicilian: 2 c3} (11... exd6 12. h3 Na5 13. Nc3 Bf5 14. Nb5 Nac4 15. Bxc4 Nxc4 16. Qb3 Be6 17. Qb4 Qb6 18. Nd2 Rfc8 19. b3 Nxd2 20. Bxd2 {0-1 (51) Tejedor Fuente,E (2428)-Djukic,N (2574) Skopje 2018}) 12. Nbd2 exd6 13. h3 Bf5 {The position is equal.} 14. Nc4 $146 ({Predecessor:} 14. Be3 d5 15. Rc1 Re8 16. a3 a5 17. Rc5 Bf8 18. Rc3 a4 19. Ba2 {1-0 (59) Kviriashvili,I (2275)-Chernyshov,K (2470) Decin 1996}) 14... Nxc4 15. Bxc4 Be4 16. Nd2 d5 {[#] aiming for ...Bxg2.} 17. Nxe4 dxc4 18. Nd6 Qf6 19. Be5 $1 {[%cal Re5f6]} Nxe5 20. dxe5 Qxe5 {Strongly threatening ...Rfd8.} 21. Nxc4 Qb5 22. Qb3 (22. Rc1 $11) 22... Qxb3 $17 23. axb3 b5 {[%cal Bb7b5,Bb5b4][%mdl 32]} 24. Nd6 a6 25. Ra2 Rfd8 26. Ne4 Rd4 27. Nc3 b4 $36 {[%mdl 2048] Black is in control.} 28. Nb5 $2 {[%mdl 8192]} (28. Na4 $17) 28... Rd7 $19 29. Rc1 Be5 30. g3 Rb8 31. f4 Rxb5 32. fxe5 Rxe5 {[%mdl 4096] Endgame KRR-KRR} 33. Rc2 Rd3 34. Kh2 a5 35. Ra1 Rxb3 36. Rf1 $2 (36. Rd2) 36... a4 {Black is clearly winning.} 37. Rff2 a3 38. bxa3 bxa3 39. Rc8+ Kg7 40. Rc7 Rf5 41. Rg2 Rb2 42. Ra7 {[#]} Rff2 $1 {[%cal Rf2g2]} 43. Rxf2 Rxf2+ 44. Kg1 Ra2 45. Ra6 f5 {Accuracy: White = 29%, Black = 88%.} 0-1

[Event "CZE-ch Open 2019"]
[Site "Ostrava"]
[Date "2019.05.01"]
[Round "5.2"]
[White "Hracek, Zbynek"]
[Black "Simacek, Pavel"]
[Result "1-0"]
[WhiteElo "2585"]
[BlackElo "2471"]
[Annotator "ChessBase"]
[PlyCount "79"]
[EventDate "2019.04.27"]
[EventType "swiss"]
[EventCountry "CZE"]
[SourceTitle "playchess.com"]
[Source "ChessBase"]
[SourceQuality "1"]
[TimeControl "40/5400+30:1800+30"]

1. e4 {[%emt 0:00:00]} c5 {[%emt 0:00:00]} 2. Nf3 {[%emt 0:00:00]} g6 {[%emt 0:00:00]} 3. d4 {[%emt 0:00:56]} cxd4 {[%emt 0:00:02]} 4. Nxd4 {[%emt 0:00:02]} Nf6 {[%emt 0:00:04]} 5. Nc3 {[%emt 0:00:07]} d6 {[%emt 0:00:27]} 6. Be2 {[%emt 0:03:59]} Bg7 {[%emt 0:00:50]} 7. O-O {[%emt 0:00:06]} O-O {[%emt 0:00:49]} 8. Be3 {[%emt 0:01:17]} Nc6 {[%emt 0:01:13]} 9. Qd2 {[%emt 0:00:22]} Ng4 {[%emt 0:06:51]} 10. Bxg4 {[%emt 0:00:06]} Bxg4 {[%emt 0:00:02]} 11. Nd5 {[%emt 0:00:17]} Be6 {[%emt 0:13:43]} 12. c4 {[%emt 0:07:19]} Bxd5 {[%emt 0:11:33]} 13. exd5 {[%emt 0:00:48]} Nxd4 {[%emt 0:00:31]} 14. Bxd4 {[%emt 0:00:02]} Bxd4 {[%emt 0:00:05]} 15. Qxd4 {[%emt 0:00:05]} Qd7 {[%emt 0:00:05]} 16. Rfe1 {[%emt 0:02:55]} Rfe8 {[%emt 0:00:04]} 17. a4 {[%emt 0:05:41]} a6 {[%emt 0:06:08]} 18. h4 {[%emt 0:04:07]} h5 {[%emt 0:01:10]} 19. b3 {[%emt 0:07:54]} e5 {[%emt 0:01:20]} 20. dxe6 {[%emt 0:00:11]} Rxe6 {[%emt 0:00:04]} 21. Rxe6 {[%emt 0:05:53]} Qxe6 {[%emt 0:00:04]} 22. Rd1 {[%emt 0:00:05]} Rd8 {[%emt 0:00:15]} 23. g3 {[%emt 0:09:18]} Rd7 {[%emt 0:35:22]} 24. Kg2 {[%emt 0:06:26]} Qg4 {[%emt 0:05:17]} 25. Qd5 {[%emt 0:03:24]} Qe6 {[%emt 0:00:05]} 26. Qf3 {[%emt 0:21:42]} Qg4 {[%emt 0:07:02]} 27. Qxg4 {[%emt 0:08:27]} hxg4 {[%emt 0:00:06]} 28. Rd4 {[%emt 0:00:02]} f5 {[%emt 0:00:04]} 29. f3 {[%emt 0:00:03]} gxf3+ {[%emt 0:05:27]} 30. Kxf3 {[%emt 0:01:42]} Kf7 {[%emt 0:03:10]} 31. Kf4 {[%emt 0:00:28]} Re7 {[%emt 0:00:11]} 32. Rxd6 {[%emt 0:00:23]} Re4+ {[%emt 0:00:48]} 33. Kf3 {[%emt 0:00:01]} b5 {[%emt 0:00:09]} 34. cxb5 {[%emt 0:01:53]} axb5 {[%emt 0:00:08]} 35. a5 {[%emt 0:00:03]} Rb4 {[%emt 0:01:36]} 36. Rd3 {[%emt 0:00:08]} Re4 {[%emt 0:00:03]} 37. a6 {[%emt 0:01:05]} Re1 {[%emt 0:00:28]} 38. Rd8 {[%emt 0:02:22]} Ra1 {[%emt 0:00:16]} 39. Ra8 {[%emt 0:00:27]} Ra3 {[%emt 0:02:35]} 40. a7 {[%emt 0:00:12]} 1-0

[Event "CZE-ch Open 2019"]
[Site "Ostrava"]
[Date "2019.05.01"]
[Round "5.3"]
[White "Kislinsky, Alexey"]
[Black "Stocek, Jiri"]
[Result "1-0"]
[WhiteElo "2429"]
[BlackElo "2563"]
[Annotator "TA"]
[PlyCount "89"]
[EventDate "2019.04.27"]
[EventType "swiss"]
[EventCountry "CZE"]
[SourceTitle "playchess.com"]
[Source "ChessBase"]
[SourceQuality "1"]

{[%evp 9,89,20,44,41,39,12,6,12,5,0,0,0,24,27,12,0,1,3,8,2,26,16,25,0,0,0,0,11,4,10,12,9,19,19,15,12,35,42,44,47,44,27,68,68,75,56,56,64,109,87,142,128,151,147,139,132,258,250,720,709,828,819,817,823,823,820,778,767,739,450,455,429,29988,1277,889,562,29984,29985,29996,29997,29997,29998]} 1. e4 e6 2. d4 d5 3. Nd2 c5 4. Ngf3 a6 5. Bd3 Nc6 6. exd5 {C07: French Tarrasch: 3...c5, 4 Ngf3 and 4 exd5 Qxd5} exd5 7. O-O (7. dxc5 Bxc5 8. O-O Bg4 9. Nb3 Bd6 10. h3 Bh5 11. c3 Nge7 12. Re1 Qc7 13. Be3 {1-0 (48) Harika,D (2539)-Dzagnidze,N (2525) Teheran 2017}) 7... c4 8. Re1+ {The position is equal.} Be7 $1 9. Bf1 Nf6 10. c3 O-O 11. Ne5 Re8 $146 ({Predecessor:} 11... Be6 12. f4 Rc8 13. h3 {0-1 (49) Vuilleumier,A (2343)-Foisor,O (2427) Grenoble 2007}) 12. Ndf3 Nxe5 13. dxe5 Ne4 $1 14. Nd4 Bf8 15. f3 Nc5 16. b4 cxb3 17. axb3 Qc7 18. b4 Ne6 19. Qd3 Bd7 20. Bd2 g6 21. Ra5 $36 {[%mdl 2048] White is more active.} Nxd4 22. Qxd4 (22. Rxd5 Nxf3+ $1 {[%mdl 512]} 23. gxf3 Be6 $17) 22... Bc6 23. f4 b6 24. Raa1 a5 25. Be3 Rab8 26. Qd2 Ra8 27. Bd4 Bd7 28. Bd3 Bg7 29. Qf2 a4 ({Black should play} 29... axb4 30. cxb4 Bf8) 30. Qf3 $16 b5 31. g4 $1 ({Much less strong is} 31. Qxd5 Bc6 $16) 31... Ra6 32. Re2 ({Resist} 32. Qxd5 $6 Bc6 $14) 32... g5 (32... Kh8 $16 33. h3 (33. Qxd5 Bc6 $14) 33... Rae6) 33. fxg5 $18 Bxe5 $2 (33... Re7 34. Rf1 Qc8) 34. Rf1 Bxd4+ 35. cxd4 Bc6 36. Qf5 Re4 37. Bxe4 dxe4 38. d5 Bb7 39. Rxe4 {White wants to mate with Re8+.} Ra8 40. Re3 Rd8 {[#]} (40... Rf8 $18 41. Rh3 Qb6+ 42. Rf2 Qg6 43. Qxg6+ hxg6) 41. Qf6 (41. g6 $142 $1 hxg6 (41... fxg6 42. Qe6+) 42. Qf6 Qd7 {[#]} 43. Rf5 $1 {[%mdl 512]} Rc8 44. Rh3 $1 {[%mdl 512]} Rc1+ 45. Kf2 Rc2+ 46. Ke3) 41... Qd7 42. Rf5 {g6! would kill now.} Bxd5 43. g6 {White mates.} hxg6 {[#]} 44. Rh3 $1 {[%csl Gf6][%cal Rh3h8][%mdl 512]} Qa7+ 45. Rf2 {Accuracy: White = 87%, Black = 43%.} 1-0

[Event "CZE-ch Open 2019"]
[Site "Ostrava"]
[Date "2019.05.01"]
[Round "5.4"]
[White "Babula, Vlastimil"]
[Black "Pulpan, Jakub"]
[Result "1-0"]
[WhiteElo "2549"]
[BlackElo "2418"]
[Annotator "RC"]
[PlyCount "56"]
[EventDate "2019.04.27"]
[EventType "swiss"]
[EventCountry "CZE"]
[SourceTitle "playchess.com"]
[Source "ChessBase"]
[SourceQuality "1"]
[TimeControl "40/5400+30:1800+30"]

1. d4 {[%emt 0:00:00]} Nf6 {[%emt 0:00:00]} 2. c4 {[%emt 0:00:00]} e6 {[%emt 0:00:30]} 3. Nf3 {[%emt 0:00:16]} d5 {[%emt 0:00:53]} 4. Nc3 {[%emt 0:00:29]} c5 {[%emt 0:00:47]} 5. cxd5 {[%emt 0:00:32]} Nxd5 {[%emt 0:00:27]} 6. e4 {[%emt 0:00:34]} Nxc3 {[%emt 0:00:08]} 7. bxc3 {[%emt 0:00:08]} cxd4 {[%emt 0:00:13]} 8. cxd4 {[%emt 0:00:12]} Bb4+ {[%emt 0:00:11]} 9. Bd2 {[%emt 0:00:10]} Bxd2+ {[%emt 0:00:08]} 10. Qxd2 {[%emt 0:00:09]} O-O {[%emt 0:00:40]} 11. Bc4 {[%emt 0:01:24]} Nd7 {[%emt 0:00:28]} 12. O-O {[%emt 0:00:33]} b6 {[%emt 0:00:49]} 13. Rad1 {[%emt 0:00:43]} Bb7 {[%emt 0:00:19]} 14. Rfe1 {[%emt 0:00:22]} Rc8 {[%emt 0:00:57]} 15. Bb3 {[%emt 0:00:34]} Re8 {[%emt 0:00:55]} 16. h3 {[%emt 0:01:11]} Nf6 {[%emt 0:01:02]} 17. Qf4 {[%emt 0:01:31]} Nh5 {[%emt 0:00:47]} 18. Qh2 {[%emt 0:01:10]} h6 {[%emt 0:00:42]} 19. h4 {[%emt 0:00:45]} b5 {[%emt 0:21:51]} 20. Ne5 {[%emt 0:11:51]} a5 {[%emt 0:14:03]} 21. d5 {[%emt 0:26:09]} exd5 {[%emt 0:04:58]} 22. Bxd5 {[%emt 0:14:03]} Bxd5 {[%emt 0:01:06]} 23. exd5 {[%emt 0:01:27]} Qf6 {[%emt 0:16:29]} 24. d6 {[%emt 0:10:15]} Rcd8 {[%emt 0:03:24]} 25. d7 {[%emt 0:00:43]} Re6 {[%emt 0:15:09]} 26. Ng4 {[%emt 0:03:00]} Rxe1+ {[%emt 0:06:20]} 27. Rxe1 {[%emt 0:00:05]} Qd4 {[%emt 0:05:47]} 28. Qe5 {[%emt 0:06:19]} Qxg4 {[%emt 0:00:00]} 1-0

[Event "CZE-ch Open 2019"]
[Site "Ostrava"]
[Date "2019.05.01"]
[Round "5.5"]
[White "Plat, Vojtech"]
[Black "Miesbauer, Jan"]
[Result "1-0"]
[WhiteElo "2535"]
[BlackElo "2402"]
[Annotator "ChessBase"]
[PlyCount "93"]
[EventDate "2019.04.27"]
[EventType "swiss"]
[EventCountry "CZE"]
[SourceTitle "playchess.com"]
[Source "ChessBase"]
[SourceQuality "1"]
[TimeControl "40/5400+30:1800+30"]

1. c4 {[%emt 0:00:00]} g6 {[%emt 0:00:00]} 2. Nc3 {[%emt 0:00:00]} c5 {[%emt 0:00:54]} 3. Nf3 {[%emt 0:00:32]} Bg7 {[%emt 0:00:12]} 4. e3 {[%emt 0:00:10]} Nf6 {[%emt 0:00:58]} 5. d4 {[%emt 0:00:06]} cxd4 {[%emt 0:00:15]} 6. exd4 {[%emt 0:00:04]} O-O {[%emt 0:01:09]} 7. Be2 {[%emt 0:01:52]} d5 {[%emt 0:01:50]} 8. O-O {[%emt 0:02:15]} Nc6 {[%emt 0:01:28]} 9. h3 {[%emt 0:00:24]} Be6 {[%emt 0:03:13]} 10. Ng5 {[%emt 0:02:49]} Bf5 {[%emt 0:05:23]} 11. Be3 {[%emt 0:07:30]} dxc4 {[%emt 0:08:48]} 12. Bxc4 {[%emt 0:00:32]} Rc8 {[%emt 0:02:42]} 13. Rc1 {[%emt 0:06:07]} Na5 {[%emt 0:01:11]} 14. Be2 {[%emt 0:00:30]} Nd5 {[%emt 0:21:18]} 15. Nxd5 Qxd5 {[%emt 0:00:08]} 16. Qa4 {[%emt 0:01:27]} Rxc1 {[%emt 0:02:53]} 17. Rxc1 {[%emt 0:00:09]} Nc6 {[%emt 0:12:33]} 18. Bf3 {[%emt 0:04:11]} Qd7 {[%emt 0:00:14]} 19. Bxc6 {[%emt 0:00:11]} bxc6 {[%emt 0:00:05]} 20. Qxc6 {[%emt 0:00:37]} Rc8 {[%emt 0:00:47]} 21. Qxc8+ {[%emt 0:00:06]} Qxc8 {[%emt 0:00:04]} 22. Rxc8+ {[%emt 0:00:03]} Bxc8 {[%emt 0:00:05]} 23. Ne4 {[%emt 0:00:14]} f5 {[%emt 0:03:06]} 24. Nc3 {[%emt 0:04:53]} a6 {[%emt 0:06:58]} 25. f4 {[%emt 0:00:16]} e6 {[%emt 0:01:42]} 26. Kf2 {[%emt 0:00:47]} Bf8 {[%emt 0:00:57]} 27. a3 {[%emt 0:00:17]} Bd7 {[%emt 0:00:54]} 28. Bd2 {[%emt 0:00:44]} Bd6 {[%emt 0:01:43]} 29. g3 {[%emt 0:00:49]} Kf7 {[%emt 0:00:52]} 30. Na2 {[%emt 0:03:10]} h6 {[%emt 0:01:20]} 31. h4 {[%emt 0:00:12]} Bb5 {[%emt 0:00:53]} 32. Bb4 {[%emt 0:00:46]} Bc7 {[%emt 0:00:21]} 33. Nc3 {[%emt 0:00:41]} Bc6 {[%emt 0:00:32]} 34. Nd1 {[%emt 0:03:04]} Bd8 {[%emt 0:02:53]} 35. Bd2 {[%emt 0:00:55]} Bb6 {[%emt 0:02:04]} 36. Be3 {[%emt 0:00:36]} Ke7 {[%emt 0:00:56]} 37. d5 {[%emt 0:00:38]} Bxe3+ {[%emt 0:01:13]} 38. Nxe3 {[%emt 0:01:59]} exd5 {[%emt 0:00:08]} 39. Nc2 {[%emt 0:00:05]} d4 {[%emt 0:06:21]} 40. Nxd4 {[%emt 0:00:06]} Bd7 {[%emt 0:01:38]} 41. Ke3 {[%emt 0:31:06]} Kd6 {[%emt 0:30:12]} 42. Nf3 {[%emt 0:02:04]} Kd5 {[%emt 0:00:21]} 43. b3 {[%emt 0:01:04]} Be8 {[%emt 0:00:43]} 44. Ne1 {[%emt 0:00:26]} Bd7 {[%emt 0:00:00]} 45. Nd3 {[%emt 0:00:00]} a5 {[%emt 0:00:00]} 46. Ne5 {[%emt 0:00:00]} Be8 {[%emt 0:00:00]} 47. Nc4 {[%emt 0:00:00]} 1-0

[Event "CZE-ch Open 2019"]
[Site "Ostrava"]
[Date "2019.05.01"]
[Round "5.6"]
[White "Rubes, Jan"]
[Black "Kraus, Tomas"]
[Result "0-1"]
[WhiteElo "2345"]
[BlackElo "2456"]
[Annotator "ChessBase"]
[PlyCount "64"]
[EventDate "2019.04.27"]
[EventType "swiss"]
[EventCountry "CZE"]
[SourceTitle "playchess.com"]
[Source "ChessBase"]
[SourceQuality "1"]
[TimeControl "40/5400+30:1800+30"]

1. e4 {[%emt 0:00:00]} c5 {[%emt 0:00:00]} 2. Nc3 {[%emt 0:00:00]} Nc6 {[%emt 0:05:30]} 3. Nf3 {[%emt 0:00:00]} e5 {[%emt 0:02:46]} 4. Bc4 {[%emt 0:00:00]} Be7 {[%emt 0:01:07]} 5. d3 {[%emt 0:01:37]} Nf6 {[%emt 0:04:10]} 6. O-O {[%emt 0:00:22]} O-O {[%emt 0:00:51]} 7. a4 {[%emt 0:01:59]} d6 {[%emt 0:01:27]} 8. h3 {[%emt 0:00:10]} Be6 {[%emt 0:04:35]} 9. Ng5 {[%emt 0:19:39]} Bd7 {[%emt 0:22:48]} 10. f4 {[%emt 0:00:39]} exf4 {[%emt 0:00:05]} 11. Bxf4 {[%emt 0:01:30]} h6 {[%emt 0:00:25]} 12. Nf3 {[%emt 0:05:25]} Be6 {[%emt 0:00:09]} 13. Qd2 {[%emt 0:06:55]} d5 {[%emt 0:02:30]} 14. exd5 {[%emt 0:08:43]} Nxd5 {[%emt 0:00:04]} 15. Rae1 {[%emt 0:05:56]} Rc8 {[%emt 0:11:08]} 16. Bxh6 {[%emt 0:09:38]} Nxc3 {[%emt 0:10:38]} 17. Bxe6 {[%emt 0:02:19]} fxe6 {[%emt 0:00:20]} 18. bxc3 {[%emt 0:00:10]} gxh6 {[%emt 0:00:47]} 19. Rxe6 {[%emt 0:00:42]} Bg5 {[%emt 0:02:05]} 20. Qe2 {[%emt 0:05:44]} Qd5 {[%emt 0:01:12]} 21. h4 {[%emt 0:23:04]} Bf6 {[%emt 0:02:54]} 22. c4 {[%emt 0:03:20]} Qh5 {[%emt 0:03:50]} 23. Qe4 {[%emt 0:00:59]} Bg7 {[%emt 0:04:39]} 24. g4 {[%emt 0:02:14]} Qf7 {[%emt 0:00:13]} 25. Kh2 {[%emt 0:00:53]} Nd4 {[%emt 0:02:57]} 26. Nxd4 {[%emt 0:00:17]} Qxf1 {[%emt 0:00:40]} 27. Nf5 {[%emt 0:00:04]} Qf2+ {[%emt 0:06:08]} 28. Kh3 {[%emt 0:00:10]} Rc7 {[%emt 0:01:26]} 29. Qd5 {[%emt 0:01:27]} Kh8 {[%emt 0:00:49]} 30. Qd6 {[%emt 0:00:27]} Rxf5 {[%emt 0:01:42]} 31. gxf5 {[%emt 0:00:36]} Qxf5+ {[%emt 0:00:27]} 32. Kh2 {[%emt 0:00:06]} Rf7 {[%emt 0:00:39]} 0-1

[Event "CZE-ch Open 2019"]
[Site "Ostrava"]
[Date "2019.05.01"]
[Round "5.7"]
[White "Ludvik, Tomas"]
[Black "Cernousek, Lukas"]
[Result "0-1"]
[WhiteElo "2222"]
[BlackElo "2438"]
[Annotator "TA"]
[PlyCount "92"]
[EventDate "2019.04.27"]
[EventType "swiss"]
[EventCountry "CZE"]
[SourceTitle "playchess.com"]
[Source "ChessBase"]
[SourceQuality "1"]

{[%evp 9,92,25,27,10,16,0,7,-11,-14,-23,-23,-27,-22,-31,-30,-42,-15,-21,-6,-2,106,101,96,67,81,-17,-16,-26,-20,-33,-34,-101,-122,-114,-109,-93,-102,-95,77,0,45,-293,-293,-218,-198,-702,-634,-585,-256,-220,0,-443,-252,-262,-246,-223,-214,-244,-225,-724,-54,-33,-23,-159,-175,-143,-154,-155,-150,-735,-723,-985,-738,-958,-950,-1086,-1066,-1043,-1016,-1077,-1054,-1000,-924,-29998,-29999]} 1. d4 f5 2. Bg5 g6 3. e3 Bg7 4. Nc3 (4. Nf3 Nf6 5. c4 d6 6. Nc3 O-O 7. Be2 c6 8. O-O h6 9. Bh4 Qe8 10. d5 Na6 11. Nd4 Bd7 12. Rc1 Rc8 13. a3 g5 14. Bg3 Nc5 {1-0 (35) Korobov,A (2692)-Lu,S (2627) Doha 2016}) 4... h6 5. Bf4 d6 6. Nf3 {A80: Dutch Defence: Unusual White second moves} Nf6 7. Bc4 e6 8. h4 {The position is equal.} Qe7 9. Qe2 Nc6 10. Bh2 Bd7 11. O-O-O O-O-O 12. Bb5 $146 ({Predecessor:} 12. Kb1) 12... Ng4 13. Bg3 Rhf8 14. Qc4 e5 (14... Qf7 $11) 15. Nd5 Qf7 16. dxe5 dxe5 17. Kb1 (17. Rd3 $16 {Ba6! is the strong threat.} f4 18. Rhd1) 17... Be8 $11 18. Qc5 Rd6 19. Rd2 b6 20. Qa3 (20. Qc4 $15) 20... Rxd5 $17 21. Bc4 Ne7 $1 {[%cal Bc6e7,Be7d5,Bd5c3][%mdl 32]} 22. Bxd5 Nxd5 23. c4 {[#]} f4 $2 (23... Nc3+ $1 $17 {[%mdl 512] stays on course.} 24. Qxc3 (24. bxc3 Bc6 $15) 24... f4) 24. exf4 (24. Rxd5 $2 Bc6 $19) (24. Qxa7 Nc3+ 25. bxc3 Bc6 $17) (24. cxd5 $16 Kb8 25. Bh2) 24... exf4 {aiming for ...Nb4!} (24... Nb4 $5 25. Qxb4 exf4 $14) 25. Qxa7 $2 {[%mdl 8192]} ({Not} 25. Rxd5 $2 Bc6 $19) (25. cxd5 $14 {was forced to keep a grip.} Kb8 26. Bh2) 25... Nc3+ $1 $19 {[%mdl 64] Discovered Attack} 26. bxc3 {[%cal Ra7a8]} Bc6 27. Rhd1 $2 (27. Nd4 Bxd4 28. cxd4 (28. Rxd4 $2 fxg3 29. fxg3 Ne3 $19) 28... fxg3 29. f3) 27... Qxc4 28. Nd4 Bd5 ({Stronger than} 28... fxg3 29. Nxc6 Qxc6 30. f3 $14) (28... Be4+ $142 29. Kb2 fxg3) 29. f3 fxg3 $2 {[#]} (29... Ne3 $19 30. Re1 Nf1) 30. fxg4 $2 {[%mdl 8192]} (30. Nf5 $1 $11 {[%mdl 512] and White has nothing to worry.} Qxc3 (30... Rxf5 31. Rxd5) 31. Ne7+ Kd8 32. Nxd5 Qa1+ 33. Kc2 Qb2+ 34. Kd3 Qd4+ 35. Kc2 Qb2+ 36. Kd3 Qd4+ 37. Kc2 Qb2+) 30... Qxc3 (30... Rf1 $142 {White must now prevent ...Bxd4.} 31. Rxf1 Qxf1+ 32. Kb2 Be4) 31. Qa6+ Bb7 $1 {[%cal Rb7a6]} 32. Qe2 {Hoping for Qe7.} Qb4+ $1 {[%mdl 1024] Black has strong compensation.} 33. Rb2 Qa4 34. Rbd2 $2 (34. Qe6+ Kb8 35. Qb3 Qxb3 36. Rxb3 Be4+ 37. Kc1) 34... Kb8 $2 ({Black should try} 34... Re8 $19 35. Nc2 Be4 $1 {[%mdl 512]}) 35. Qe7 $15 Rg8 $36 {[%mdl 2048] Threatens to win with ...Bxg2! Black fights for an advantage.} 36. Qe6 (36. Qf7 $1 $11 {remains equal.} Qe8 37. Qxe8+ Rxe8 38. Re2) 36... Re8 $17 37. Qb3 Be4+ 38. Kc1 {[#]} Qa5 $1 39. Nb5 $2 (39. Nc2 $17) 39... Re5 $19 40. Rd8+ {[#]} Kb7 $1 {[%mdl 512] ( -> ...Rc5+)} 41. Nd6+ cxd6 42. Qf7+ Ka6 {[%cal Ra5c3]} 43. Qc4+ Qb5 44. Qxb5+ Rxb5 45. R1xd6 Bc3 {[%csl Ge4][%cal Rb5b1]} 46. Kd1 Rb1+ {Accuracy: White = 26%, Black = 55%.} 0-1

[Event "CZE-ch Open 2019"]
[Site "Ostrava"]
[Date "2019.05.01"]
[Round "5.8"]
[White "Michalik, Peter"]
[Black "Hausner, Ivan"]
[Result "1-0"]
[WhiteElo "2577"]
[BlackElo "2349"]
[Annotator "ChessBase"]
[PlyCount "53"]
[EventDate "2019.04.27"]
[EventType "swiss"]
[EventCountry "CZE"]
[SourceTitle "playchess.com"]
[Source "ChessBase"]
[SourceQuality "1"]
[TimeControl "40/5400+30:1800+30"]

1. e4 {[%emt 0:00:00]} e6 {[%emt 0:00:00]} 2. d4 {[%emt 0:00:00]} d5 {[%emt 0:00:00]} 3. Nd2 {[%emt 0:00:00]} Be7 {[%emt 0:00:00]} 4. Ngf3 {[%emt 0:00:00]} Nf6 {[%emt 0:00:00]} 5. e5 {[%emt 0:00:00]} Nfd7 {[%emt 0:00:00]} 6. Bd3 {[%emt 0:00:04]} c5 {[%emt 0:00:03]} 7. c3 {[%emt 0:00:06]} Nc6 {[%emt 0:00:05]} 8. O-O {[%emt 0:00:06]} a5 {[%emt 0:00:07]} 9. a4 {[%emt 0:00:06]} Qb6 {[%emt 0:01:06]} 10. dxc5 {[%emt 0:00:17]} Qc7 {[%emt 0:00:11]} 11. Nb3 {[%emt 0:02:07]} Ndxe5 {[%emt 0:00:13]} 12. Nxe5 {[%emt 0:00:42]} Qxe5 {[%emt 0:00:25]} 13. f4 {[%emt 0:01:06]} Qf6 {[%emt 0:00:34]} 14. Be3 {[%emt 0:04:01]} O-O {[%emt 0:00:56]} 15. Qc2 {[%emt 0:08:27]} g6 {[%emt 0:00:06]} 16. Bb5 {[%emt 0:01:24]} e5 {[%emt 0:02:59]} 17. Rae1 {[%emt 0:05:00]} Bf5 {[%emt 0:05:09]} 18. fxe5 {[%emt 0:01:57]} Qxe5 {[%emt 0:01:23]} 19. Qf2 {[%emt 0:02:05]} Qg7 {[%emt 0:03:51]} 20. Bxc6 {[%emt 0:03:42]} bxc6 {[%emt 0:00:06]} 21. Nd4 {[%emt 0:00:04]} Bd7 {[%emt 0:01:26]} 22. Bh6 {[%emt 0:00:21]} Qxh6 {[%emt 0:00:08]} 23. Rxe7 {[%emt 0:00:05]} Be6 {[%emt 0:04:47]} 24. Nxc6 {[%emt 0:00:22]} Qg5 {[%emt 0:00:59]} 25. h4 {[%emt 0:00:27]} Qg4 {[%emt 0:01:10]} 26. Qf6 {[%emt 0:03:20]} Bf5 {[%emt 0:04:40]} 27. Ne5 {[%emt 0:05:18]} 1-0

[Event "CZE-ch Open 2019"]
[Site "Ostrava"]
[Date "2019.05.01"]
[Round "5.9"]
[White "Krejci, Jan"]
[Black "Jasny, Stanislav"]
[Result "1-0"]
[WhiteElo "2588"]
[BlackElo "2347"]
[Annotator "ChessBase"]
[PlyCount "83"]
[EventDate "2019.04.27"]
[EventType "swiss"]
[EventCountry "CZE"]
[SourceTitle "playchess.com"]
[Source "ChessBase"]
[SourceQuality "1"]
[TimeControl "40/5400+30:1800+30"]

1. c4 g6 2. d4 Bg7 3. g3 d6 4. Bg2 Nd7 5. Nf3 e5 6. Nc3 Ne7 7. h4 h6 8. e4 exd4 9. Nxd4 Ne5 10. O-O O-O 11. Qe2 N7c6 12. Nc2 Bg4 13. f3 Be6 14. Nd5 Na5 15. b3 a6 16. Be3 b5 17. Qd2 Naxc4 18. bxc4 Nxc4 19. Qd3 Nxe3 20. Ncxe3 Bxa1 21. Rxa1 c6 22. Nf4 Qf6 23. Rc1 Bd7 24. Rd1 Rfd8 25. Qa3 Be8 26. Ng4 Qg7 27. Rxd6 Qf8 28. Nf6+ Kh8 29. e5 Rxd6 30. exd6 Qg7 31. Qb2 Bd7 32. Nd3 Rd8 33. Qe5 Be6 34. f4 Rxd6 35. Qxd6 Qxf6 36. Ne5 Qf5 37. Nxc6 Qb1+ 38. Kh2 Qxa2 39. Qf8+ Kh7 40. Ne7 f5 41. Qf6 Bf7 42. h5 1-0